<?xml version="1.0" encoding="UTF-8"?>
<record
    xmlns:xsi="http://www.w3.org/2001/XMLSchema-instance"
    xsi:schemaLocation="http://www.loc.gov/MARC21/slim http://www.loc.gov/standards/marcxml/schema/MARC21slim.xsd"
    xmlns="http://www.loc.gov/MARC21/slim">

  <leader>01495nam a22001817a 4500</leader>
  <controlfield tag="008">121102t        xxu||||| |||| 00| 0 eng d</controlfield>
  <datafield tag="020" ind1=" " ind2=" ">
    <subfield code="a">0619160446</subfield>
  </datafield>
  <datafield tag="050" ind1=" " ind2=" ">
    <subfield code="a">QA76.73.C153</subfield>
  </datafield>
  <datafield tag="100" ind1=" " ind2=" ">
    <subfield code="a">Malik, D.S.</subfield>
  </datafield>
  <datafield tag="245" ind1=" " ind2=" ">
    <subfield code="a">C++ programming: program design including data structures. /</subfield>
    <subfield code="c">D.S. Malik</subfield>
  </datafield>
  <datafield tag="250" ind1=" " ind2=" ">
    <subfield code="a">2nd</subfield>
  </datafield>
  <datafield tag="260" ind1=" " ind2=" ">
    <subfield code="a">Australia:</subfield>
    <subfield code="b">Thomson,</subfield>
    <subfield code="c">c2004.</subfield>
  </datafield>
  <datafield tag="300" ind1=" " ind2=" ">
    <subfield code="a">xliii, 1555 p.:</subfield>
    <subfield code="b">ill.;</subfield>
    <subfield code="c">23cm.</subfield>
  </datafield>
  <datafield tag="500" ind1=" " ind2=" ">
    <subfield code="a">Includes index.</subfield>
  </datafield>
  <datafield tag="505" ind1=" " ind2=" ">
    <subfield code="a">Contents: An Overview of computers and programming languages -- Basic elements of C++ -- Input/output -- Control structures I (selection) -- Control structures II (repetition) -- User-defined functions I -- User-defined functions II -- User-defined simple data types, namespaces, and the string type -- Arrays and strings -- Records (structs) -- Classes and data abstraction -- Inheritance and composition -- Pointers, classes, lists, and virtual functions -- Overloading and templates -- Exception handling -- Recursion -- Linked lists -- Stacks and queues -- Searching and sorting algorithms -- Binary trees -- Graphs -- Standard template library (STL) -- Appendix A: Reserved words -- Appendix B: Operator precedence -- Appendix C: Character sets -- Appendix D: Operator overloading -- Appendix E: Additional c++ topics -- Appendix F: Header files -- Appendix G: Memory size on a system and random number generator -- Appendix H: References -- Appendix I: Answers to selected exercises.  </subfield>
  </datafield>
  <datafield tag="650" ind1=" " ind2=" ">
    <subfield code="b">C++ programming language</subfield>
  </datafield>
  <datafield tag="942" ind1=" " ind2=" ">
    <subfield code="2">lcc</subfield>
    <subfield code="c">BK</subfield>
  </datafield>
  <datafield tag="999" ind1=" " ind2=" ">
    <subfield code="c">2492</subfield>
    <subfield code="d">9992</subfield>
  </datafield>
  <datafield tag="952" ind1=" " ind2=" ">
    <subfield code="0">0</subfield>
    <subfield code="1">0</subfield>
    <subfield code="2">lcc</subfield>
    <subfield code="4">0</subfield>
    <subfield code="7">0</subfield>
    <subfield code="a">WIUC-1</subfield>
    <subfield code="b">WIUC-1</subfield>
    <subfield code="c">REF</subfield>
    <subfield code="d">2012-11-02</subfield>
    <subfield code="l">0</subfield>
    <subfield code="o">QA76.73.C153</subfield>
    <subfield code="p">6229/12</subfield>
    <subfield code="r">2012-11-02 00:00:00</subfield>
    <subfield code="w">2012-11-02</subfield>
    <subfield code="y">BK</subfield>
  </datafield>
</record>
